Estudios históricos (Registro nro. 41262)

Detalles MARC
000 -ENCABEZADO
Número de control [NR] 01077nam a2200265Ia 4500
008 - DE LONGITUD FIJA DE DATOS DE ELEMENTOS - INFORMACIÓN GENERAL
Elementos de longitud fija [NR] 130821s1879 sp gr spa
040 ## - FUENTE DE CATALOGACION [NR]
Agencia de catalogación original [NR] Co-BoUCM
Idioma de catalogación [NR] spa
041 0# - CODIGO DE IDIOMA [R]
Código de idioma para texto/pista de sonido o título separado [R] Español
092 ## - SIGNATURA TOPOGRAFICA LOCAL
Número de clasificación local E24N008
100 1# - ASIENTO PRINCIPAL--NOMBRE PERSONAL [NR]
Nombre personal [NR] Macaulay, Thomas Babington Macaulay
Títulos u otras palabras asociadas al nombre [R] Baron
Fechas asociadas con el nombre [NR] 1800-1859
245 10 - MENCION DE TITULO [NR]
Título [NR] Estudios históricos
Mención de responsabilidad, etc. [NR] por Lord Macaulay ; traducidos directamente del inglés por M. Juderias Bender.
260 ## - PUBLICACION, DISTRIBUCION, ETC. (PIE DE IMPRENTA) [R]
Lugar de publicación, distribución, etc. [R] Madrid (España)
Nombre del editor, distribuidor, etc. [R] Imprenta Central á cargo de Victor Saiz
Fecha de publicación, distribución, etc. [R] 1879
300 ## - DESCRIPCION FISICA [R]
Extensión [R] 438, [1] páginas
490 ## - MENCION DE SERIE [R]
Mención de serie [R] Biblioteca clásica
Designación numérica/secuencial del volumen [NR] 16
500 ## - NOTA GENERAL [R]
Nota general [NR] Detalles físicos:
504 ## - NOTA DE BIBLIOGRAFIA, ETC. [R]
Nota de bibliografía, etc. [NR]
505 0# - NOTA DE CONTENIDO CON FORMATO PREESTABLECIDO [R]
Nota de contenido con formato preestablecido [NR] Al que leyere. ; La guerra de sucesión en tiempo de Felipe V. ; Apéndices. ; Lord Clive 1725-1774. ; Warren Hastings 1732-1818. ; Federico el Grande.
506 ## - NOTA DE RESTRICCIONES DE ACCESO [R]
Condiciones de acceso [NR] Consulta en sala.
650 04 - ASIENTO SECUNDARIO DE MATERIA - TERMINO TEMATICO [R]
Término temático o nombre geográfico como elemento de entrada [NR] Ensayos
Subdivisión general [R] Historia
Subdivisión geográfica [R] Europa
9 (RLIN) 14547
650 04 - ASIENTO SECUNDARIO DE MATERIA - TERMINO TEMATICO [R]
Término temático o nombre geográfico como elemento de entrada [NR] Historia de Europa
9 (RLIN) 26509
650 04 - ASIENTO SECUNDARIO DE MATERIA - TERMINO TEMATICO [R]
Término temático o nombre geográfico como elemento de entrada [NR] Historia
Subdivisión de forma [R] Ensayos, conferencias, etc.
9 (RLIN) 7695
700 1# - ASIENTO SECUNDARIO - NOMBRE PERSONAL [R]
Nombre personal [NR] Juderias Berner, M.
Término de relación [R]
942 ## - ELEMENTOS DE ENTRADA AGREGADOS (KOHA)
Tipo de ítem principal el descrito en 300a Libro
Tema principal Historia
Edición 1
Sistema de clasificación DEWEY
Clasificación 940.4
Existencias
Total préstamos Código de barras Última vez visto Volúmen / Fascículo Ejemplar Price effective from Tipo de ítem Perdido Sistema de clasificación Dañado No prestable Tipo de ítem específico Suprimido Ubicación habitual Ubicación actual Localización Fecha de creación Forma de adquisición Costo
  L003494 03/02/2013 E24N008 Ej.1 03/02/2013 Libro   DEWEY     Libro archivo     Archivo Histórico Archivo histórico 28/02/2014 Donación 0.00